Facultad de Derecho – Universidad Nacional de Mar del Plata

XXIX Congreso Nacional de Derecho Procesal : (Record no. 3145)

MARC details
000 -CABECERA
campo de control de longitud fija 00977nam a22003255a 4500
001 - NUMERO DE CONTROL
campo de control 002791
003 - IDENTIFICADOR DE NUMERO DE CONTROL
campo de control armpunfd
005 - FECHA ULTIMA MODIFICACION
campo de control 20190408154016.0
008 - ELEMENTOS DE LONGITUD FIJA -- INFORMACION GENERAL
campo de control de longitud fija 140627s2007####xx############000#0#und#d
080 ## - NUMERO DE CLASIFICACION DECIMAL UNIVERSAL (CDU)
Número de la Clasificación Decimal Universal 347.9 P 773
245 10 - MENCION DE TITULO
Título propiamente dicho XXIX Congreso Nacional de Derecho Procesal :
Parte restante del título Por un Sistema Judicial eficaz, en Homenaje al Prof. Lino Enrique Palacio.
260 ## - PUBLICACION, DISTRIBUCION, ETC. (PIE DE IMPRENTA)
Lugar de publicación, distribución, etc. Mar del Plata,
Fecha de publicación, distribución, etc. 2007.
300 ## - DESCRIPCION FISICA
Extensión 1071 P.
650 #7 - ASIENTO SECUNDARIO DE MATERIA - TERMINO TEMATICO
Término temático o nombre geográfico como elemento de entrada Accion Revocatoria
Fuente del encabezamiento o término LEMB
650 #7 - ASIENTO SECUNDARIO DE MATERIA - TERMINO TEMATICO
Término temático o nombre geográfico como elemento de entrada Amparo Colectivo
Fuente del encabezamiento o término LEMB
650 #7 - ASIENTO SECUNDARIO DE MATERIA - TERMINO TEMATICO
Término temático o nombre geográfico como elemento de entrada Cosa Juzgada
Fuente del encabezamiento o término LEMB
650 #7 - ASIENTO SECUNDARIO DE MATERIA - TERMINO TEMATICO
Término temático o nombre geográfico como elemento de entrada Derecho Procesal Civil
Fuente del encabezamiento o término LEMB
650 #7 - ASIENTO SECUNDARIO DE MATERIA - TERMINO TEMATICO
Término temático o nombre geográfico como elemento de entrada Principio de Congruencia
Fuente del encabezamiento o término LEMB
650 #7 - ASIENTO SECUNDARIO DE MATERIA - TERMINO TEMATICO
Término temático o nombre geográfico como elemento de entrada Prision Preventiva
Fuente del encabezamiento o término LEMB
650 #7 - ASIENTO SECUNDARIO DE MATERIA - TERMINO TEMATICO
Término temático o nombre geográfico como elemento de entrada Proceso Administrativo
Fuente del encabezamiento o término LEMB
650 #7 - ASIENTO SECUNDARIO DE MATERIA - TERMINO TEMATICO
Término temático o nombre geográfico como elemento de entrada Proceso Penal
Fuente del encabezamiento o término LEMB
650 #7 - ASIENTO SECUNDARIO DE MATERIA - TERMINO TEMATICO
Término temático o nombre geográfico como elemento de entrada Prueba Cientiiica
Fuente del encabezamiento o término LEMB
650 #7 - ASIENTO SECUNDARIO DE MATERIA - TERMINO TEMATICO
Término temático o nombre geográfico como elemento de entrada Verificacion Concursal
Fuente del encabezamiento o término LEMB
651 ## - ASIENTO SECUNDARIO DE MATERIA - NOMBRE GEOGRAFICO
Fuente del encabezamiento o término LEMB
945 ## - INFORMACION DE PROCESAMIENTO LOCAL
Responsable de carga/modificación Celeste Delía
Fecha de ingreso o modificación 2014-06-27
945 ## - INFORMACION DE PROCESAMIENTO LOCAL
Fecha de ingreso o modificación 2014-06-27
945 ## - INFORMACION DE PROCESAMIENTO LOCAL
Fecha de ingreso o modificación 2014-06-27
945 ## - INFORMACION DE PROCESAMIENTO LOCAL
Fecha de ingreso o modificación 2014-06-27
Holdings
Retirado Perdido Dañado No se presta Ubicación permanente Locación actual Estante o sala Fecha de adquisición Signatura topográfica Inventario Ultima fecha vista Tipo de item de Koha
        Bib. Derecho Bib. Derecho Biblioteca Graduados 09/12/2014 347.9 P 773 301237 09/12/2014 LIBRO (Consulta)
        Bib. Derecho Bib. Derecho Biblioteca Graduados 09/12/2014 347.9 P 773 301238 09/12/2014 LIBRO (Consulta)
        Bib. Derecho Bib. Derecho Biblioteca Graduados 09/12/2014 347.9 P 773 301239 09/12/2014 LIBRO (Consulta)
        Bib. Derecho Bib. Derecho Biblioteca Graduados 09/12/2014 347.9 P 773 301240 09/12/2014 LIBRO (Consulta)

XHTML | CSS | ©Biblioteca Central - Dto. Tecnología de la Información - [ Con tecnología Koha ]